000 00631nam a2200205Ii 4500
003 JO-AjNU
008 230605s9999||||xx |||||||||||||| ||und||
040 _aJO-AjNU
_bara
_erda
_cJO-AjNU
041 _aara
050 1 4 _aPJ7692.S8.Z55 1991
100 3 _aتأليف زيفاكو،ميشال,
_eauthor
_916508
245 0 0 _aإنتقام فوستا
250 _aط2
264 3 1 _aبيروت:المكتبة الثقافية،1991
300 _a61ص
336 _atext
_btxt
_2rdacontent
337 _aunmediated
_bn
_2rdamedia
338 _avolume
_bnc
_2rdacarrier
650 4 _aقصص مترجمة - إنتقام فوستا
_916509
999 _aA4910
_c8478
_d8478